000 01411nam0a22003491 4500
001 v19\rc\1738470
005 20250619084346.0
035 _a(NLR Aleph) 004893406
090 _a5295628
_c5295628
100 _a20061204e19021902|||y0rusy50 ca
101 0 _arus
102 _aRU
105 _aa z |||||
200 1 _aБолгары и чуваши
_fН.И. Ашмарин
210 _aКазань
_cтипо-лит. Имп. ун-та
_d1902
215 _a132 с., [3] л. ил.
_d24
311 _aОтт. из 18 т. "Изв. О-ва археологии, истории и этнографии" за 1902 г.
316 _aЭкз. РНБ (34.5.1.146): 2-й экз. с автогр. авт.
_5NLR: 34.5.1.146
488 0 _12001#$aИзвестия Общества археологии, истории и этнографии$v1902, т. 18
_tИзвестия Общества археологии, истории и этнографии
532 1 3 _aБолгары и чуваши
700 1 _4070
_7ca
_8rus
_aАшмарин
_bН. И.
_f1870-1933
_gНиколай Иванович
_92647793
_3RU\NLR\AUTH\770275826
801 0 _aRU
_bNLR
_gpsbo
801 0 _aRU
_bRuMoRGB
_2psbo
801 1 _aRU
_bProSoft-M
_2rusmarc
852 _aNLR
_j34.5.1.146
899 _aRuMoRGB
_jU 106/359
899 _aRuMoRGB
_jF 54/266
899 _aБАН
899 _aГПИБ
942 _cBOOK
980 _aNB